Информационная парадигма и искусственный интеллект (Запись № 11495231)

Подробности
000 -МАРКЕР
контрольное поле 02367nam0a2200397 4500
001 - ИДЕНТИФИКАТОР ЗАПИСИ
контрольное поле RU\NLR\BIBL_A\011398698
005 - ИДЕНТИФИКАТОР ВЕРСИИ
контрольное поле 20260405212444.0
010 ## - МЕЖДУНАРОДНЫЙ СТАНДАРТНЫЙ НОМЕР КНИГИ (ISBN)
Номер (ISBN) 9785843103897
Тираж 500
021 ## - НОМЕР ГОСУДАРСТВЕННОЙ РЕГИСТРАЦИИ
Код страны Российская Федерация
Номер 2017-34037
Номер Листа государственной регистраци 2502
035 ## - ДРУГИЕ СИСТЕМНЫЕ НОМЕРА
Идентификатор записи (RuMoRGB)008880350
035 ## - ДРУГИЕ СИСТЕМНЫЕ НОМЕРА
Идентификатор записи (NLR Aleph) 011398698
100 ## - ДАННЫЕ ОБЩЕЙ ОБРАБОТКИ
Данные общей обработки 20170602d2017 k y0rusy50 ca
101 0# - ЯЗЫК РЕСУРСА
Язык текста, звукозаписи и т.д. русский
102 ## - СТРАНА ПУБЛИКАЦИИ ИЛИ ПРОИЗВОДСТВА
Страна публикации Российская Федерация
105 ## - ПОЛЕ КОДИРОВАННЫХ ДАННЫХ: ТЕКСТОВЫЕ МАТЕРИАЛЫ, МОНОГРАФИЧЕСКИЕ
Кодированные данные о монографическом текстовом документе a|||z|||000zy
200 1# - ЗАГЛАВИЕ И СВЕДЕНИЯ ОБ ОТВЕТСТВЕННОСТИ
Основное заглавие Информационная парадигма и искусственный интеллект
Сведения, относящиеся к заглавию [монография
Первые сведения об ответственности Брыкина Татьяна Александровна, программист, Кочкова Наталья Владимировна, кандидат технических наук, доцент, Мешков Владимир Евгеньевич, кандидат технических наук, доцент и др.
Последующие сведения об ответственности под науч. ред. В.С. Чураков]
-- Министерство образования и науки РФ, Волгодонский институт технологий, ФГБОУ ВПО ДГТУ "Донской государственный технический университет"
210 ## - ПУБЛИКАЦИЯ, РАСПРОСТРАНЕНИЕ И ДР.
Место издания, распространения и т.д. Ростов-на-Дону
-- Новочеркасск
Имя издателя, распространителя и т. д. НаукаОбразованиеКультура
Дата издания, распространения и т.д. 2017
215 ## - ФИЗИЧЕСКАЯ ХАРАКТЕРИСТИКА
Специфическое обозначение материала и объем 89, [1] с.
Другие сведения о физической характеристике ил.
Размеры 20
300 ## - ОБЩИЕ ПРИМЕЧАНИЯ
Текст примечания Авт. указаны на с. 89-90
320 ## - ПРИМЕЧАНИЯ О НАЛИЧИИ В ДОКУМЕНТЕ БИБЛИОГРАФИИ / УКАЗАТЕЛЯ
Текст примечания Библиогр. в конце гл.
606 ## - НАИМЕНОВАНИЕ ТЕМЫ КАК ПРЕДМЕТ
Наименование темы Искусственный интеллект
Тематический подзаголовок Философские вопросы
Системный номер авторитетной/нормативной записи 2143210
Идентификатор авторитетной/нормативной записи RU\NLR\AUTH\661291508
686 ## - ИНДЕКСЫ ДРУГИХ КЛАССИФИКАЦИЙ
Индекс Ю252:З813,0
Код системы
686 ## - ИНДЕКСЫ ДРУГИХ КЛАССИФИКАЦИЙ
Индекс З813в,0
Код системы
686 1# - ИНДЕКСЫ ДРУГИХ КЛАССИФИКАЦИЙ
Индекс З813
686 1# - ИНДЕКСЫ ДРУГИХ КЛАССИФИКАЦИЙ
Индекс Ю252:З813
701 #1 - ИМЯ ЛИЦА - АЛЬТЕРНАТИВНАЯ ОТВЕТСТВЕННОСТЬ
Начальный элемент ввода Брыкина
Часть имени, кроме начального элемента ввода Т. А.
Расширение инициалов личного имени Татьяна Александровна
Системный номер авторитетной/нормативной записи 144679
Идентификатор авторитетной/нормативной записи RU\NLR\AUTH\770144715
701 #1 - ИМЯ ЛИЦА - АЛЬТЕРНАТИВНАЯ ОТВЕТСТВЕННОСТЬ
Начальный элемент ввода Кочковая
Часть имени, кроме начального элемента ввода Н. В.
Расширение инициалов личного имени Наталья Владимировна
701 #1 - ИМЯ ЛИЦА - АЛЬТЕРНАТИВНАЯ ОТВЕТСТВЕННОСТЬ
Начальный элемент ввода Мешков
Часть имени, кроме начального элемента ввода В. Е.
Расширение инициалов личного имени Владимир Евгеньевич
702 #1 - ИМЯ ЛИЦА - ВТОРИЧНАЯ ОТВЕТСТВЕННОСТЬ
Код отношения Редактор
Материалы, к которым относится поле rus
Графика поля Кириллица
Начальный элемент ввода Чураков
Часть имени, кроме начального элемента ввода В. С.
Дополнения к именам, кроме дат канд. филос. наук
Расширение инициалов личного имени Вадим Сергеевич
Идентификатор авторитетной/нормативной записи RU\NLR\AUTH\7795536
Системный номер авторитетной/нормативной записи 78462
712 02 - НАИМЕНОВАНИЕ ОРГАНИЗАЦИИ - ВТОРИЧНАЯ ОТВЕТСТВЕННОСТЬ
Код отношения Прочие
Начальный элемент ввода Институт технологий
Идентифицирующий признак Волгодонск
Системный номер авторитетной/нормативной записи 522060
Идентификатор авторитетной/нормативной записи RU\NLR\AUTH\880428791
942 ## - ДОПОЛНИТЕЛЬНЫЕ ЭЛЕМЕНТЫ ЗАПИСИ (АБИС)
Тип экземпляра АБИС Книга
980 ## - КОЛЛЕКЦИЯ
Название коллекции НБР

Нет доступных экземпляров.